• 首页
  • 本馆介绍
  • 公告通知
  • 最新文献
  • 馆藏检索
  • 电子资源
  • 读者导购
  • 参考咨询
  • 我的图书馆
  • 登录
  • 详细信息显示
  • 放入我的书架
  • 预约/预借图书
  • 作者相关作品
  • 分类相关作品
  • 丛书相关作品
  • 出版社相关作品

书目信息

  • 表格格式
  • 工作单格式
  • 卡片格式
题名:
新五代史选译
    
 
作者: 欧阳修 编撰 ;李国祥 译注
分册:  
出版信息: 成都   巴蜀书社  1991.10
页数: 246页
开本: 19cm
丛书名: 古代文史名著选译丛书
单 册:
中图分类: K243.042 , I211
科图分类:
主题词: 历史--中国--五代十国时期--纪传体 , 五代十国时期--历史--纪传体 , 文学--作品集--中国
电子资源:
ISBN: 7-80523-358-6
000 00954nam2 2200301 450
001 1563273256
005 20150116173601.40
010    @a7-80523-358-6@dCNY2.80
100    @a19920527d1991 em y0chiy0110 ea
101 0  @achi
102    @aCN@b510000
105    @af z 000yd
200 1  @a新五代史选译@9xin wu dai shi xuan yi@f(宋)欧阳修编撰@g李国祥等译注
210    @a成都@c巴蜀书社@d1991.10
215    @a246页@c插图@d19cm
225 2  @a古代文史名著选译丛书@i隋唐五代@f章培恒等主编
300    @a国家教委古籍整理“七·五”规划重点项目
461  0 @12001 @a古代文史名著选译丛书
605    @a《新五代史》@x译文
606 0  @a历史@x中国@z五代十国时期@x纪传体
606 0  @a五代十国时期@x历史@x纪传体
606 0  @a文学@x作品集@x中国
690    @aK243.042@v三版
690    @aI211@v4
701  0 @c(宋)@a欧阳修@9ou yang xiu@f(1007~1072)@4编撰
702  0 @a李国祥@9li guo xiang@4译注
801  0 @aCN@bTSSF@c20150115
905    @aZUCC@dI211@eJY75
    
    新五代史选译/(宋)欧阳修编撰/李国祥等译注.-成都:巴蜀书社,1991.10
    246页:插图;19cm.-(古代文史名著选译丛书.隋唐五代/章培恒等主编)
    国家教委古籍整理“七·五”规划重点项目
    
    ISBN 7-80523-358-6:CNY2.80
    
●
相关链接 在E读中查询图书 在五车中查询图书 在当当中查询图书 在豆瓣中查询图书


正题名:新五代史选译     索取号:I211/JY75         预约/预借

序号 登录号 条形码 馆藏地/架位号 状态 备注
1 7842000   278420004   学院路分馆/ [索取号:I211/JY75] 在馆    
2 7842001   278420013   学院路分馆/ [索取号:I211/JY75] 在馆    
唐山师范学院图书馆 欢迎您!
大连网信软件有限公司© 版权所有